[Event "World Chess Olympiad 2018"]
[Site "Batumi"]
[Date "2018.09.26"]
[Round "3"]
[Board "3"]
[WhiteFideId "6400124"]
[White "Dominguez Jose Manuel"]
[BlackFideId "15200051"]
[Black "Eichab Charles"]
[Result "1-0"]
[LiveChessVersion "1.4.8"]
[BlackElo "2016"]
[WhiteElo "2283"]

1. Nf3 {[%clk 1:30:55]} e6 {[%clk 1:30:21]} 2. d4 {[%clk 1:31:18]} f5
{[%clk 1:29:58]} 3. e4 {[%clk 1:31:42]} fxe4 {[%clk 1:23:54]} 4. Ng5
{[%clk 1:32:00]} Nf6 {[%clk 1:24:02]} 5. Nd2 {[%clk 1:19:03]} d5 {[%clk 1:16:11]}
6. f3 {[%clk 1:16:22]} h6 {[%clk 1:13:50]} 7. Nh3 {[%clk 1:12:42]} Bd6
{[%clk 1:07:02]} 8. fxe4 {[%clk 0:50:00]} dxe4 {[%clk 1:04:09]} 9. Nxe4
{[%clk 0:39:48]} O-O {[%clk 0:41:49]} 10. Nef2 {[%clk 0:30:13]} c6
{[%clk 0:32:23]} 11. Bd3 {[%clk 0:23:20]} Qc7 {[%clk 0:32:44]} 12. Qe2
{[%clk 0:23:06]} Nbd7 {[%clk 0:21:27]} 13. Bd2 {[%clk 0:16:17]} e5
{[%clk 0:21:25]} 14. O-O-O {[%clk 0:13:41]} exd4 {[%clk 0:20:29]} 15. g4
{[%clk 0:13:37]} g5 {[%clk 0:06:22]} 16. Qe6+ {[%clk 0:10:50]} Kg7
{[%clk 0:02:13]} 17. Ne4 {[%clk 0:11:12]} Be5 {[%clk 0:01:47]} 18. Rde1
{[%clk 0:09:06]} Nb6 {[%clk 0:01:09]} 19. Nexg5 {[%clk 0:08:58]} Re8
{[%clk 0:00:35]} 20. Rxe5 {[%clk 0:03:04]} Qxe5 {[%clk 0:00:34]} 21. Qf7+
{[%clk 0:03:27]} Kh8 {[%clk 0:00:50]} 22. Re1 {[%clk 0:02:38]} Be6
{[%clk 0:00:32]} 23. Qg6 {[%clk 0:02:24]} 1-0

[Event "World Chess Olympiad 2018"]
[Site "Batumi"]
[Date "2018.09.26"]
[Round "3"]
[Board "4"]
[WhiteFideId "15200523"]
[White "Gariseb Immanuel"]
[BlackFideId "6408885"]
[Black "Camacho Campusano David Daniel"]
[Result "0-1"]
[LiveChessVersion "1.4.8"]
[BlackElo "2140"]
[WhiteElo "1820"]

1. e4 {[%clk 1:30:56]} e5 {[%clk 1:30:25]} 2. Nf3 {[%clk 1:31:07]} Nc6
{[%clk 1:30:28]} 3. Bb5 {[%clk 1:31:15]} a6 {[%clk 1:30:00]} 4. Ba4
{[%clk 1:31:38]} b5 {[%clk 1:30:11]} 5. Bb3 {[%clk 1:31:58]} Nf6 {[%clk 1:30:25]}
6. d4 {[%clk 1:32:07]} Nxe4 {[%clk 1:23:07]} 7. dxe5 {[%clk 1:30:05]} Nc5
{[%clk 1:21:31]} 8. Bd5 {[%clk 1:30:24]} Be7 {[%clk 1:20:59]} 9. O-O
{[%clk 1:30:39]} O-O {[%clk 1:20:53]} 10. Be3 {[%clk 1:30:35]} Bb7
{[%clk 1:19:25]} 11. Nc3 {[%clk 1:29:55]} b4 {[%clk 1:14:59]} 12. Bxc5
{[%clk 1:27:41]} bxc3 {[%clk 1:14:31]} 13. Bxe7 {[%clk 1:27:04]} Qxe7
{[%clk 1:13:49]} 14. bxc3 {[%clk 1:27:23]} Na5 {[%clk 1:06:09]} 15. Bxb7
{[%clk 1:22:21]} Nxb7 {[%clk 1:06:35]} 16. Rb1 {[%clk 1:22:01]} Nc5
{[%clk 1:04:22]} 17. Re1 {[%clk 1:19:52]} Rab8 {[%clk 1:00:33]} 18. Qd4
{[%clk 1:16:30]} Ne6 {[%clk 0:59:27]} 19. Qa4 {[%clk 1:14:15]} Qc5
{[%clk 0:56:06]} 20. Qxa6 {[%clk 0:58:39]} Qxc3 {[%clk 0:54:24]} 21. Rxb8
{[%clk 0:51:41]} Rxb8 {[%clk 0:54:47]} 22. Qd3 {[%clk 0:39:13]} Qxd3
{[%clk 0:53:31]} 23. cxd3 {[%clk 0:39:38]} Ra8 {[%clk 0:53:40]} 24. Rb1
{[%clk 0:38:58]} Rxa2 {[%clk 0:53:21]} 25. Rb8+ {[%clk 0:36:19]} Nf8
{[%clk 0:53:47]} 26. g3 {[%clk 0:36:32]} Ra3 {[%clk 0:50:11]} 27. Ne1
{[%clk 0:36:34]} g5 {[%clk 0:49:31]} 28. Kg2 {[%clk 0:35:40]} Kg7
{[%clk 0:48:28]} 29. d4 {[%clk 0:30:13]} Ne6 {[%clk 0:39:59]} 30. Rb4
{[%clk 0:29:51]} c6 {[%clk 0:37:09]} 31. h3 {[%clk 0:24:08]} h5 {[%clk 0:32:54]}
32. Nc2 {[%clk 0:21:10]} Rd3 {[%clk 0:30:18]} 33. Kf1 {[%clk 0:15:16]} Rd2
{[%clk 0:29:52]} 34. Rc4 {[%clk 0:14:53]} h4 {[%clk 0:26:26]} 35. Kg2
{[%clk 0:03:27]} Kg6 {[%clk 0:25:31]} 36. Kf3 {[%clk 0:02:54]} Rxc2
{[%clk 0:25:45]} 0-1

[Event "World Chess Olympiad 2018"]
[Site "Batumi"]
[Date "2018.09.26"]
[Round "3"]
[Board "1"]
[WhiteFideId "19800029"]
[White "Traore Bakary"]
[BlackFideId "13800574"]
[Black "Tologontegin Semetey"]
[Result "0-1"]
[LiveChessVersion "1.4.8"]
[BlackElo "2419"]
[WhiteElo "2169"]

1. e4 {[%clk 1:30:46]} g6 {[%clk 1:30:43]} 2. Nf3 {[%clk 1:30:43]} Bg7
{[%clk 1:31:04]} 3. d4 {[%clk 1:31:01]} d6 {[%clk 1:31:13]} 4. Nc3
{[%clk 1:31:23]} Bg4 {[%clk 1:26:11]} 5. Be2 {[%clk 1:30:12]} Nc6
{[%clk 1:26:10]} 6. Be3 {[%clk 1:30:06]} Nf6 {[%clk 1:26:02]} 7. O-O
{[%clk 1:28:56]} O-O {[%clk 1:26:00]} 8. d5 {[%clk 1:27:27]} Nb8 {[%clk 1:02:49]}
9. h3 {[%clk 1:27:16]} Bxf3 {[%clk 1:03:07]} 10. Bxf3 {[%clk 1:27:32]} c6
{[%clk 1:03:28]} 11. Qd2 {[%clk 1:26:08]} cxd5 {[%clk 0:59:51]} 12. exd5
{[%clk 1:26:16]} Nbd7 {[%clk 1:00:06]} 13. Rfe1 {[%clk 1:23:38]} a6
{[%clk 0:53:45]} 14. Bd4 {[%clk 1:20:12]} Ne8 {[%clk 0:41:41]} 15. Ne4
{[%clk 1:16:49]} Rc8 {[%clk 0:41:35]} 16. c3 {[%clk 1:15:57]} Ne5
{[%clk 0:29:23]} 17. Be2 {[%clk 1:15:16]} Nf6 {[%clk 0:29:08]} 18. Nxf6+
{[%clk 1:14:53]} Bxf6 {[%clk 0:29:33]} 19. f4 {[%clk 1:11:31]} Nd7
{[%clk 0:29:57]} 20. Bg4 {[%clk 1:10:44]} Rc4 {[%clk 0:29:15]} 21. Bxf6
{[%clk 1:09:58]} Nxf6 {[%clk 0:26:51]} 22. Bf3 {[%clk 1:10:08]} Qc7
{[%clk 0:09:52]} 23. Re2 {[%clk 1:09:16]} Re8 {[%clk 0:09:13]} 24. Rae1
{[%clk 1:09:20]} b5 {[%clk 0:08:44]} 25. Kh2 {[%clk 1:07:00]} Kg7
{[%clk 0:08:32]} 26. f5 {[%clk 1:05:25]} Qd8 {[%clk 0:07:56]} 27. g4
{[%clk 1:03:44]} Nd7 {[%clk 0:06:07]} 28. fxg6 {[%clk 0:59:03]} hxg6
{[%clk 0:06:26]} 29. Re4 {[%clk 0:58:49]} Ne5 {[%clk 0:06:39]} 30. Bg2
{[%clk 0:54:18]} Rh8 {[%clk 0:03:29]} 31. Qe2 {[%clk 0:52:37]} Qc7
{[%clk 0:02:18]} 32. Rd1 {[%clk 0:48:38]} f6 {[%clk 0:02:33]} 33. a3
{[%clk 0:46:57]} Qc8 {[%clk 0:02:32]} 34. Kg1 {[%clk 0:46:40]} Qc7
{[%clk 0:00:48]} 35. Qe3 {[%clk 0:45:47]} Rh4 {[%clk 0:01:05]} 36. Re1
{[%clk 0:41:41]} Qb8 {[%clk 0:01:20]} 37. Re2 {[%clk 0:41:01]} Qb7
{[%clk 0:01:09]} 38. Rd4 {[%clk 0:39:52]} Qc7 {[%clk 0:01:18]} 39. Qg3
{[%clk 0:38:45]} Rh8 {[%clk 0:01:24]} 40. Qe3 {[%clk 1:06:59]} a5
{[%clk 0:30:52]} 41. Re1 {[%clk 1:05:46]} g5 {[%clk 0:25:10]} 42. Bf1
{[%clk 1:04:56]} Rc5 {[%clk 0:24:41]} 43. Bg2 {[%clk 1:01:03]} Qb8
{[%clk 0:19:49]} 44. Qe4 {[%clk 0:59:42]} Qa7 {[%clk 0:14:58]} 45. Qe3
{[%clk 0:59:24]} Rc7 {[%clk 0:13:20]} 46. Re4 {[%clk 0:54:42]} Qb8
{[%clk 0:08:21]} 47. Rd4 {[%clk 0:53:35]} Rh4 {[%clk 0:04:54]} 48. Re4
{[%clk 0:51:38]} Rc4 {[%clk 0:02:00]} 49. Rd4 {[%clk 0:50:40]} Rh8
{[%clk 0:02:24]} 50. Bf1 {[%clk 0:50:13]} Rc7 {[%clk 0:02:30]} 51. Bg2
{[%clk 0:50:09]} Qb6 {[%clk 0:02:00]} 52. Be4 {[%clk 0:47:07]} Nc4
{[%clk 0:01:19]} 53. Qf2 {[%clk 0:45:30]} Rxh3 {[%clk 0:01:20]} 54. Kg2
{[%clk 0:44:40]} Rh4 {[%clk 0:01:20]} 55. Bf5 {[%clk 0:41:26]} Ne5
{[%clk 0:01:28]} 56. Rh1 {[%clk 0:41:33]} Rxh1 {[%clk 0:01:22]} 57. Kxh1
{[%clk 0:42:00]} Qb8 {[%clk 0:01:13]} 58. Qh2 {[%clk 0:40:12]} Qh8
{[%clk 0:01:29]} 59. Qxh8+ {[%clk 0:40:22]} Kxh8 {[%clk 0:01:56]} 60. a4
{[%clk 0:40:32]} bxa4 {[%clk 0:01:26]} 61. Rxa4 {[%clk 0:40:59]} Rc5
{[%clk 0:01:10]} 62. Be6 {[%clk 0:40:31]} Rb5 {[%clk 0:01:06]} 63. b4
{[%clk 0:40:12]} axb4 {[%clk 0:01:34]} 64. Rxb4 {[%clk 0:39:46]} Rxb4
{[%clk 0:00:55]} 65. cxb4 {[%clk 0:40:14]} Kg7 {[%clk 0:01:20]} 66. Kg2
{[%clk 0:39:44]} Kf8 {[%clk 0:01:49]} 67. b5 {[%clk 0:40:09]} Ke8
{[%clk 0:01:56]} 68. b6 {[%clk 0:40:23]} Kd8 {[%clk 0:02:22]} 69. Kf2
{[%clk 0:39:41]} Nc4 {[%clk 0:02:38]} 70. b7 {[%clk 0:39:54]} Kc7
{[%clk 0:03:05]} 71. Kf3 {[%clk 0:40:13]} Kxb7 {[%clk 0:03:28]} 72. Ke4
{[%clk 0:40:04]} Kb6 {[%clk 0:03:41]} 73. Kf5 {[%clk 0:40:19]} Kc5
{[%clk 0:03:58]} 74. Kg6 {[%clk 0:39:32]} Ne3 {[%clk 0:03:58]} 75. Kf7
{[%clk 0:39:56]} Nxd5 {[%clk 0:04:23]} 76. Kf8 {[%clk 0:39:24]} Kd4
{[%clk 0:04:45]} 77. Kg7 {[%clk 0:39:30]} Ke5 {[%clk 0:05:08]} 78. Kf7
{[%clk 0:39:57]} Nf4 {[%clk 0:05:23]} 0-1

[Event "World Chess Olympiad 2018"]
[Site "Batumi"]
[Date "2018.09.26"]
[Round "3"]
[Board "2"]
[WhiteFideId "13801163"]
[White "Taalaibekov Tagir"]
[BlackFideId "19800193"]
[Black "Ndiaye Amadou"]
[Result "1-0"]
[LiveChessVersion "1.4.8"]
[BlackElo "2061"]
[WhiteElo "2291"]

1. d4 {[%clk 1:30:55]} Nf6 {[%clk 1:30:49]} 2. Nf3 {[%clk 1:31:20]} e6
{[%clk 1:31:16]} 3. c4 {[%clk 1:31:45]} d5 {[%clk 1:31:09]} 4. Nc3
{[%clk 1:32:02]} b6 {[%clk 1:31:03]} 5. cxd5 {[%clk 1:31:54]} exd5
{[%clk 1:30:59]} 6. Qc2 {[%clk 1:30:32]} a6 {[%clk 1:28:36]} 7. Bg5
{[%clk 1:29:57]} Be7 {[%clk 1:28:47]} 8. e3 {[%clk 1:30:00]} O-O {[%clk 1:29:14]}
9. Bd3 {[%clk 1:30:17]} h6 {[%clk 1:29:21]} 10. Bf4 {[%clk 1:25:35]} Nbd7
{[%clk 1:21:19]} 11. h3 {[%clk 1:25:34]} c5 {[%clk 1:13:39]} 12. dxc5
{[%clk 1:23:55]} Nxc5 {[%clk 1:08:54]} 13. Be2 {[%clk 1:22:39]} Be6
{[%clk 1:01:51]} 14. O-O {[%clk 1:22:31]} Rc8 {[%clk 1:02:10]} 15. Rac1
{[%clk 1:21:35]} b5 {[%clk 1:01:32]} 16. Qd1 {[%clk 1:14:36]} b4 {[%clk 0:52:06]}
17. Na4 {[%clk 1:13:44]} a5 {[%clk 0:38:39]} 18. Nxc5 {[%clk 1:13:34]} Rxc5
{[%clk 0:38:07]} 19. Nd4 {[%clk 1:12:47]} Bd7 {[%clk 0:36:53]} 20. Qd3
{[%clk 1:09:48]} Qb6 {[%clk 0:29:57]} 21. Nf5 {[%clk 1:06:24]} Bxf5
{[%clk 0:29:28]} 22. Qxf5 {[%clk 1:06:40]} Rfc8 {[%clk 0:29:33]} 23. Qxc8+
{[%clk 1:04:35]} Rxc8 {[%clk 0:29:14]} 24. Rxc8+ {[%clk 1:05:02]} Kh7
{[%clk 0:29:42]} 25. Bd3+ {[%clk 1:05:26]} g6 {[%clk 0:29:50]} 26. Rfc1
{[%clk 1:05:27]} b3 {[%clk 0:28:20]} 27. a3 {[%clk 1:04:42]} Bd8 {[%clk 0:17:43]}
28. Rb8 {[%clk 1:04:01]} Qc6 {[%clk 0:09:25]} 29. Rxc6 {[%clk 1:04:28]} 1-0

[Event "World Chess Olympiad 2018"]
[Site "Batumi"]
[Date "2018.09.26"]
[Round "3"]
[Board "3"]
[WhiteFideId "19800380"]
[White "Maiga Baba Moulaye Abdalla"]
[BlackFideId "13800027"]
[Black "Mamatov Melis"]
[Result "0-1"]
[LiveChessVersion "1.4.8"]
[BlackElo "2196"]
[WhiteElo "1978"]

1. e4 {[%clk 1:30:54]} c5 {[%clk 1:30:54]} 2. Bc4 {[%clk 1:31:16]} e6
{[%clk 1:30:50]} 3. Nc3 {[%clk 1:31:33]} Nc6 {[%clk 1:30:57]} 4. Nf3
{[%clk 1:31:30]} a6 {[%clk 1:27:59]} 5. a4 {[%clk 1:31:51]} d6 {[%clk 1:27:37]}
6. d3 {[%clk 1:31:37]} Be7 {[%clk 1:27:35]} 7. O-O {[%clk 1:31:05]} Nf6
{[%clk 1:27:54]} 8. Bf4 {[%clk 1:29:32]} O-O {[%clk 1:21:05]} 9. Qd2
{[%clk 1:26:46]} b6 {[%clk 1:16:35]} 10. h3 {[%clk 1:24:53]} Bb7 {[%clk 1:16:38]}
11. Bg3 {[%clk 1:21:55]} d5 {[%clk 1:13:04]} 12. exd5 {[%clk 1:21:12]} exd5
{[%clk 1:13:08]} 13. Ba2 {[%clk 1:21:19]} Nb4 {[%clk 1:11:02]} 14. Bb3
{[%clk 1:20:37]} Rc8 {[%clk 1:08:17]} 15. d4 {[%clk 1:14:39]} Ne4
{[%clk 1:07:24]} 16. Nxe4 {[%clk 1:10:35]} dxe4 {[%clk 1:07:51]} 17. Ne5
{[%clk 1:10:04]} cxd4 {[%clk 1:01:46]} 18. c3 {[%clk 1:06:10]} dxc3
{[%clk 1:00:37]} 19. Qxd8 {[%clk 1:06:28]} Bxd8 {[%clk 0:58:29]} 20. bxc3
{[%clk 1:03:45]} Rxc3 {[%clk 0:57:15]} 21. Rab1 {[%clk 1:03:40]} Nd3
{[%clk 0:54:06]} 22. Nd7 {[%clk 0:59:15]} Re8 {[%clk 0:53:12]} 23. Bd1
{[%clk 0:59:21]} b5 {[%clk 0:46:33]} 24. axb5 {[%clk 0:58:14]} axb5
{[%clk 0:45:52]} 25. Be2 {[%clk 0:58:07]} f6 {[%clk 0:41:20]} 26. Bxd3
{[%clk 0:53:17]} exd3 {[%clk 0:41:20]} 27. Bd6 {[%clk 0:53:20]} Be7
{[%clk 0:40:44]} 28. Rxb5 {[%clk 0:48:43]} Bc6 {[%clk 0:39:58]} 29. Rc5
{[%clk 0:45:05]} Rxc5 {[%clk 0:40:06]} 30. Nxc5 {[%clk 0:45:31]} Bxd6
{[%clk 0:40:32]} 31. Nxd3 {[%clk 0:45:44]} Bb5 {[%clk 0:40:51]} 32. Rd1
{[%clk 0:46:09]} Bxd3 {[%clk 0:41:19]} 0-1

[Event "World Chess Olympiad 2018"]
[Site "Batumi"]
[Date "2018.09.26"]
[Round "3"]
[Board "4"]
[WhiteFideId "13801856"]
[White "Sezdbekov Ruslan"]
[BlackFideId "19800061"]
[Black "Toure Amadou"]
[Result "0-1"]
[LiveChessVersion "1.4.8"]
[BlackElo "1859"]
[WhiteElo "2160"]

1. e4 {[%clk 1:30:25]} e5 {[%clk 1:30:30]} 2. Nf3 {[%clk 1:30:52]} Nc6
{[%clk 1:30:57]} 3. Bc4 {[%clk 1:31:10]} Be7 {[%clk 1:31:02]} 4. d4
{[%clk 1:31:17]} d6 {[%clk 1:30:38]} 5. d5 {[%clk 1:31:34]} Nb8 {[%clk 1:30:53]}
6. Nc3 {[%clk 1:31:09]} Nf6 {[%clk 1:29:23]} 7. h3 {[%clk 1:30:07]} h6
{[%clk 1:28:49]} 8. Be3 {[%clk 1:30:06]} a6 {[%clk 1:28:42]} 9. a4
{[%clk 1:30:31]} Nh7 {[%clk 1:27:48]} 10. a5 {[%clk 1:25:39]} O-O
{[%clk 1:26:02]} 11. g4 {[%clk 1:24:41]} Nd7 {[%clk 1:23:34]} 12. Ne2
{[%clk 1:19:36]} Ng5 {[%clk 1:20:20]} 13. Ng3 {[%clk 1:19:35]} Nxf3+
{[%clk 1:18:23]} 14. Qxf3 {[%clk 1:19:58]} Bg5 {[%clk 1:16:05]} 15. Nf5
{[%clk 1:14:08]} Bxe3 {[%clk 1:09:15]} 16. Qxe3 {[%clk 1:14:30]} Nf6
{[%clk 0:57:30]} 17. Be2 {[%clk 1:05:22]} c6 {[%clk 0:51:42]} 18. c4
{[%clk 0:59:24]} Bxf5 {[%clk 0:46:11]} 19. gxf5 {[%clk 0:57:17]} c5
{[%clk 0:45:11]} 20. Rg1 {[%clk 0:55:36]} Kh7 {[%clk 0:45:01]} 21. Ra3
{[%clk 0:50:30]} b6 {[%clk 0:44:38]} 22. Rb3 {[%clk 0:35:51]} bxa5
{[%clk 0:44:34]} 23. Rb7 {[%clk 0:36:12]} Rb8 {[%clk 0:40:12]} 24. Qg3
{[%clk 0:35:31]} Ne8 {[%clk 0:40:31]} 25. Ra7 {[%clk 0:28:43]} Rxb2
{[%clk 0:35:19]} 26. Rxa6 {[%clk 0:17:22]} Qb8 {[%clk 0:32:04]} 27. Kf1
{[%clk 0:14:56]} Rb1+ {[%clk 0:28:26]} 28. Kg2 {[%clk 0:15:22]} Rxg1+
{[%clk 0:28:25]} 29. Kxg1 {[%clk 0:15:49]} Qb1+ {[%clk 0:28:39]} 30. Kh2
{[%clk 0:15:14]} Nf6 {[%clk 0:27:35]} 31. Rxd6 {[%clk 0:13:03]} Qxe4
{[%clk 0:25:01]} 32. Bd3 {[%clk 0:12:29]} Qe1 {[%clk 0:24:00]} 33. Rb6
{[%clk 0:09:56]} e4 {[%clk 0:20:02]} 34. Bc2 {[%clk 0:09:24]} a4 {[%clk 0:18:15]}
35. Ra6 {[%clk 0:07:08]} Rb8 {[%clk 0:17:24]} 36. Qxb8 Qxf2+ {[%clk 0:16:38]} 37.
Kh1 {[%clk 0:01:04]} Nh5 {[%clk 0:16:29]} 38. Rg6 {[%clk 0:01:28]} fxg6
{[%clk 0:15:46]} 39. fxg6+ {[%clk 0:01:55]} Kxg6 {[%clk 0:15:06]} 40. Bxe4+
{[%clk 0:02:18]} Kg5 {[%clk 0:14:54]} 41. Bg2 {[%clk 0:31:59]} Ng3+
{[%clk 0:39:26]} 42. Kh2 {[%clk 0:32:25]} Nf5 {[%clk 0:38:57]} 43. Qd8+
{[%clk 0:24:27]} Kg6 {[%clk 0:38:34]} 44. Qa8 {[%clk 0:24:53]} a3
{[%clk 0:37:49]} 45. Qxa3 {[%clk 0:25:14]} Ne3 {[%clk 0:36:05]} 46. Qd3+
{[%clk 0:23:36]} Kf7 {[%clk 0:35:57]} 47. Qe4 {[%clk 0:23:41]} 0-1

[Event "World Chess Olympiad 2018"]
[Site "Batumi"]
[Date "2018.09.26"]
[Round "3"]
[Board "1"]
[WhiteFideId "5500796"]
[White "Zaibi Amir"]
[BlackFideId "16700066"]
[Black "Abdul Rahman Ali"]
[Result "1-0"]
[LiveChessVersion "1.4.8"]
[BlackElo "1850"]
[WhiteElo "2361"]

1. Nf3 {[%clk 1:30:57]} d5 {[%clk 1:30:32]} 2. g3 {[%clk 1:31:18]} Nf6
{[%clk 1:30:17]} 3. Bg2 {[%clk 1:31:40]} e6 {[%clk 1:30:28]} 4. O-O
{[%clk 1:31:59]} Bd6 {[%clk 1:29:58]} 5. c4 {[%clk 1:31:27]} c6 {[%clk 1:30:10]}
6. d4 {[%clk 1:31:19]} Ne4 {[%clk 1:29:39]} 7. Nfd2 {[%clk 1:27:47]} f5
{[%clk 1:29:30]} 8. Nxe4 {[%clk 1:26:18]} fxe4 {[%clk 1:29:24]} 9. f3
{[%clk 1:18:10]} exf3 {[%clk 1:27:01]} 10. Rxf3 {[%clk 1:18:12]} Nd7
{[%clk 1:27:06]} 11. Nc3 {[%clk 1:16:06]} Nf6 {[%clk 1:27:18]} 12. Bg5
{[%clk 1:15:36]} O-O {[%clk 1:27:23]} 13. Qd3 {[%clk 1:13:37]} Bd7
{[%clk 1:22:12]} 14. Raf1 {[%clk 1:10:44]} Be7 {[%clk 1:22:31]} 15. e4
{[%clk 1:05:15]} h6 {[%clk 1:22:51]} 16. Bxf6 {[%clk 1:05:05]} Rxf6
{[%clk 1:20:19]} 17. exd5 {[%clk 1:05:20]} exd5 {[%clk 1:18:09]} 18. cxd5
{[%clk 1:05:42]} Bg4 {[%clk 1:17:46]} 19. Rxf6 {[%clk 1:04:45]} Bxf6
{[%clk 1:17:45]} 20. Ne4 {[%clk 1:03:56]} Be7 {[%clk 1:17:34]} 21. Nf2
{[%clk 1:00:37]} Bd7 {[%clk 1:16:25]} 22. Qb3 {[%clk 0:57:00]} Kh8
{[%clk 1:15:55]} 23. Qxb7 {[%clk 0:55:08]} Rb8 {[%clk 1:15:02]} 24. Qxa7
{[%clk 0:55:07]} cxd5 {[%clk 1:14:16]} 25. Bxd5 {[%clk 0:52:48]} Rxb2
{[%clk 1:13:37]} 26. Be4 {[%clk 0:47:32]} Bf6 27. d5 Rb4 {[%clk 1:09:41]} 28. Qc5
{[%clk 0:42:49]} Ra4 {[%clk 1:08:49]} 29. Bb1 {[%clk 0:42:29]} Qc8
{[%clk 1:05:06]} 30. Qxc8+ {[%clk 0:39:01]} Bxc8 {[%clk 1:05:21]} 31. Rd1
{[%clk 0:36:57]} Bd4 {[%clk 1:05:32]} 32. d6 {[%clk 0:31:18]} Bd7
{[%clk 1:05:41]} 33. Kf1 {[%clk 0:30:29]} Bb5+ {[%clk 1:05:20]} 34. Bd3
{[%clk 0:28:39]} Bd7 {[%clk 1:04:27]} 35. Rb1 {[%clk 0:26:33]} Ra8
{[%clk 1:03:29]} 36. Ne4 {[%clk 0:23:02]} Re8 {[%clk 1:02:40]} 37. Rb7
{[%clk 0:17:19]} Rd8 {[%clk 1:01:26]} 38. Ke2 {[%clk 0:14:49]} Kg8
{[%clk 1:01:49]} 39. Bc4+ {[%clk 0:14:19]} Kh7 {[%clk 1:02:11]} 40. Bd3
{[%clk 0:11:21]} Kg8 {[%clk 0:57:57]} 41. Bc4+ {[%clk 0:41:19]} Kh7
{[%clk 1:27:54]} 42. Bd5 {[%clk 0:40:59]} Kg6 {[%clk 1:21:19]} 43. Kd3
{[%clk 0:38:10]} Bg1 {[%clk 1:21:12]} 44. h4 {[%clk 0:24:53]} Bf5
{[%clk 1:21:07]} 45. h5+ {[%clk 0:24:15]} Kh7 {[%clk 1:18:00]} 46. Kc4
{[%clk 0:23:44]} Kh8 47. Kb5 Bd4 {[%clk 1:11:13]} 48. Kc6 {[%clk 0:22:51]} Rc8+
{[%clk 1:11:01]} 49. Rc7 {[%clk 0:22:58]} Rb8 {[%clk 1:11:18]} 50. Nc5
{[%clk 0:22:09]} Bf2 {[%clk 1:08:21]} 51. Be6 {[%clk 0:20:27]} Bxe6
{[%clk 1:07:39]} 52. Nxe6 {[%clk 0:20:51]} Bxg3 53. d7 Bxc7 {[%clk 1:04:08]} 54.
Kxc7 {[%clk 0:21:05]} Ra8 {[%clk 1:04:37]} 55. d8=Q+ {[%clk 0:21:23]} Rxd8
{[%clk 1:04:06]} 56. Kxd8 {[%clk 0:21:49]} g5 {[%clk 1:04:30]} 57. a4
{[%clk 0:21:57]} 1-0

[Event "World Chess Olympiad 2018"]
[Site "Batumi"]
[Date "2018.09.26"]
[Round "3"]
[Board "2"]
[WhiteFideId "16700058"]
[White "Mohamed Hassan"]
[BlackFideId "5500460"]
[Black "Boudriga Mohamed Ali"]
[Result "0-1"]
[LiveChessVersion "1.4.8"]
[BlackElo "2376"]
[WhiteElo "1846"]

1. d4 {[%clk 1:30:56]} Nf6 {[%clk 1:30:17]} 2. c4 {[%clk 1:31:11]} c5
{[%clk 1:30:13]} 3. d5 {[%clk 1:31:20]} e6 {[%clk 1:27:47]} 4. Nc3
{[%clk 1:31:09]} exd5 {[%clk 1:27:51]} 5. Nxd5 {[%clk 1:30:30]} Nxd5
{[%clk 1:28:08]} 6. Qxd5 {[%clk 1:30:43]} Nc6 {[%clk 1:27:45]} 7. Nf3
{[%clk 1:29:46]} d6 {[%clk 1:26:42]} 8. Ng5 {[%clk 1:28:27]} Qf6 {[%clk 1:24:57]}
9. g3 {[%clk 1:18:43]} Nb4 {[%clk 1:07:45]} 10. Qe4+ {[%clk 1:15:52]} Be7
{[%clk 1:06:25]} 11. Bh3 {[%clk 1:15:58]} Bxh3 {[%clk 0:49:24]} 12. Nxh3
{[%clk 1:13:21]} Qg6 {[%clk 0:49:22]} 13. Qxb7 {[%clk 1:07:34]} O-O
{[%clk 0:48:39]} 14. O-O {[%clk 0:59:44]} Bf6 {[%clk 0:42:55]} 15. a3
{[%clk 0:56:00]} Rfb8 {[%clk 0:41:41]} 16. Qf3 {[%clk 0:48:43]} Nc2
{[%clk 0:42:02]} 17. Nf4 {[%clk 0:45:53]} Qf5 {[%clk 0:42:16]} 18. e4
{[%clk 0:44:32]} Qe5 {[%clk 0:28:25]} 19. Rb1 {[%clk 0:43:04]} Nd4
{[%clk 0:28:32]} 20. Qg2 {[%clk 0:39:08]} Rb3 {[%clk 0:28:41]} 21. f3
{[%clk 0:34:51]} Rab8 {[%clk 0:27:24]} 22. Nd5 {[%clk 0:34:13]} Qe6
{[%clk 0:27:19]} 23. h4 {[%clk 0:31:00]} Nc6 {[%clk 0:25:17]} 24. Qc2
{[%clk 0:26:33]} Be5 {[%clk 0:22:35]} 25. Kg2 {[%clk 0:19:37]} Qg6
{[%clk 0:17:10]} 26. Qf2 {[%clk 0:19:29]} f5 {[%clk 0:16:14]} 27. Nf4
{[%clk 0:17:00]} Qf7 {[%clk 0:14:59]} 28. Nd5 {[%clk 0:14:26]} fxe4
{[%clk 0:14:45]} 29. fxe4 {[%clk 0:13:05]} Qxf2+ {[%clk 0:12:03]} 30. Rxf2
{[%clk 0:13:27]} Rxg3+ {[%clk 0:12:28]} 31. Kh1 {[%clk 0:12:18]} Rh3+
{[%clk 0:10:46]} 32. Kg2 {[%clk 0:12:25]} Rh2+ {[%clk 0:10:59]} 33. Kg1
{[%clk 0:12:11]} Rxh4 {[%clk 0:11:20]} 34. Kg2 {[%clk 0:11:06]} Rg4+
{[%clk 0:11:25]} 35. Kf1 {[%clk 0:11:24]} Rxe4 {[%clk 0:11:34]} 36. b3
{[%clk 0:10:40]} Rxc4 {[%clk 0:11:18]} 37. b4 {[%clk 0:09:39]} Rd4
{[%clk 0:11:32]} 38. b5 {[%clk 0:09:29]} Na5 {[%clk 0:08:52]} 39. Ne7+
{[%clk 0:09:35]} Kh8 {[%clk 0:08:38]} 40. Nc6 {[%clk 0:39:01]} Re8
{[%clk 0:34:38]} 41. Nxd4 {[%clk 0:38:23]} Bxd4 {[%clk 0:34:25]} 42. Rf7
{[%clk 0:38:43]} c4 {[%clk 0:33:41]} 43. Bf4 {[%clk 0:34:29]} Kg8
{[%clk 0:32:53]} 44. Rf5 {[%clk 0:34:44]} Bc5 {[%clk 0:32:24]} 45. Re1
{[%clk 0:32:55]} Rxe1+ {[%clk 0:18:45]} 46. Kxe1 {[%clk 0:33:08]} g6
{[%clk 0:19:05]} 47. Rd5 {[%clk 0:32:58]} Nb7 {[%clk 0:19:15]} 48. a4
{[%clk 0:32:26]} Kf7 {[%clk 0:19:10]} 49. Kd2 {[%clk 0:32:16]} Ke6
{[%clk 0:19:29]} 50. Rg5 {[%clk 0:32:26]} Na5 {[%clk 0:13:26]} 51. Kc3
{[%clk 0:31:12]} Bb6 {[%clk 0:12:30]} 52. Bh2 {[%clk 0:30:02]} Be3
{[%clk 0:05:21]} 53. Rg3 {[%clk 0:29:14]} Bf2 {[%clk 0:05:36]} 54. Rg2
{[%clk 0:28:44]} Be1+ {[%clk 0:04:40]} 55. Kc2 {[%clk 0:29:05]} Bb4
{[%clk 0:04:41]} 56. Bg1 {[%clk 0:29:02]} d5 {[%clk 0:03:40]} 57. Bxa7
{[%clk 0:29:17]} Nb3 {[%clk 0:03:52]} 58. b6 {[%clk 0:22:59]} Na5
{[%clk 0:02:45]} 59. Rg5 {[%clk 0:21:23]} Nb7 {[%clk 0:02:39]} 60. Bb8
{[%clk 0:21:06]} d4 {[%clk 0:02:56]} 61. Re5+ {[%clk 0:19:50]} Kf7
{[%clk 0:02:29]} 62. Rd5 {[%clk 0:20:07]} d3+ {[%clk 0:02:51]} 63. Kd1
{[%clk 0:20:15]} Ke6 {[%clk 0:02:18]} 64. Rd4 {[%clk 0:19:28]} Na5
{[%clk 0:02:00]} 65. Bf4 {[%clk 0:19:04]} Bc5 {[%clk 0:02:10]} 66. b7
{[%clk 0:18:11]} Nxb7 {[%clk 0:02:32]} 67. Rxc4 {[%clk 0:18:32]} Kd5
{[%clk 0:02:58]} 68. Rc1 {[%clk 0:16:58]} Na5 {[%clk 0:02:11]} 69. Bd2
{[%clk 0:13:54]} Nc4 {[%clk 0:02:33]} 70. a5 {[%clk 0:13:16]} h5 {[%clk 0:02:42]}
71. a6 {[%clk 0:13:34]} h4 {[%clk 0:02:21]} 72. Ra1 {[%clk 0:11:27]} Ba7
{[%clk 0:01:51]} 73. Bg5 {[%clk 0:11:44]} h3 {[%clk 0:02:17]} 74. Bf4
{[%clk 0:11:47]} g5 {[%clk 0:02:40]} 75. Bc7 {[%clk 0:08:00]} g4 {[%clk 0:02:44]}
76. Ra2 {[%clk 0:07:45]} Nd6 {[%clk 0:02:19]} 77. Rd2 {[%clk 0:06:19]} Kc6
{[%clk 0:02:24]} 78. Bxd6 {[%clk 0:04:18]} Kxd6 {[%clk 0:02:38]} 79. Rxd3+
{[%clk 0:04:35]} Ke6 {[%clk 0:02:32]} 80. Ke2 {[%clk 0:02:51]} h2
{[%clk 0:01:54]} 81. Rd1 {[%clk 0:03:11]} Bg1 {[%clk 0:02:11]} 82. a7
{[%clk 0:03:13]} h1=Q 83. Rxg1 Qe4+ {[%clk 0:01:42]} 84. Kf1 {[%clk 0:02:41]} Kf5
{[%clk 0:02:00]} 0-1